Finanzierungsmöglichkeiten von klein- und mittelständischen Unternehmen (KMU) in Deutschland - Entwicklung, Analyse und alternatieve Finanzierungsformen diplomová práca

Salvato in:
Dettagli Bibliografici
Autore principale: Michalová, Katarína
Enti autori: Ekonomická univerzita v Bratislave. Fakulta hospodárskej informatiky, Martin-Luther-Universität Halle-Wittenberg
Altri autori: Sicherer, Klaus von
Natura: Libro
Lingua:tedesco
Pubblicazione: Bratislava 2017
Tags: Aggiungi Tag
Nessun Tag, puoi essere il primo ad aggiungerne!!

MARC

LEADER 00000nbm a2200000 4500
001 0236143
005 20240918085825.2
041 0 |a ger 
044 |a SK 
245 1 0 |a Finanzierungsmöglichkeiten von klein- und mittelständischen Unternehmen (KMU) in Deutschland - Entwicklung, Analyse und alternatieve Finanzierungsformen  |b diplomová práca  |c Katarína Michalová ; školiteľ: Klaus von Sicherer 
264 1 |a Bratislava  |c 2017 
300 |a 74 s. 
100 1 |a Michalová, Katarína 
700 1 |a Sicherer, Klaus von 
710 2 |a Ekonomická univerzita v Bratislave. Fakulta hospodárskej informatiky 
710 2 |a Martin-Luther-Universität Halle-Wittenberg